Brotherhood of Steel Characters Fallout 4 - Statistics

General Stats
  • This quiz has been taken 103 times
  • The average score is 8 of 15
Answer Stats
Hint Answer % Correct
Your BoS Companion Paladin Danse
97%
The leader of the BoS Elder Arthur Maxson
91%
Lost Paladin of Recon Squad Artemis Paladin Brandis
70%
A Field Scribe in the Cambridge Police Station Scribe Haylen
63%
Annoys the crap out of you Knight Rhys
62%
The Prydwen commanding officer Lancer Captain Kells
61%
Asks for Technical Documents Proctor Quinlan
59%
Sells some legendary weapons Proctor Teagan
59%
Lost 2 legs in the field wears power armor Proctor Ingram
57%
The doctor on the Prydwen Knight-Captain Cade
47%
Random Encounter traveling merchant the Scribe
41%
Scientist on the Prydwen works with Mole Rats Senior Scribe Neriah
25%
Steels food and gives it to Feral Ghouls in the Ruins Clarke
24%
Works at the Supply Depot with #3 Knight Lucia
18%
Head of BoS Logistics division Knight Sergeant Gavil
18%
No matching quizzes found
Score Distribution
Percent of People with Each Score
Percentile by Number Answered
Your Score History
You have not taken this quiz